00823 2200277 4500001002100000005001700021008004100038035002400079040001200103082001000115090001900125100002400144245010800168250001100276260005700287300002400344440002800368500002700396650002400423650001900447700001800466700001900484850001200503990001500515990001500530YOGYA-0209000003189020090227024628.0 ind  0010-020900000031890 aYOPDYOG a330.1 aQ 330.1bSal T aSalfatore, Dominick aTeori dan soal-jawabbteori ekonomi mikrocDominick Salvatore ; alih bahasa Faried Wijaya, Ari Sudarman aCet. 1 aYogyakartabBagian Penerbitan Fak. Ekonomi UGMc1980 a...jilbilusc31 cm aSchaum's outline series aYang diterima : Jil. 1 aTeori ekonomi mikro aEkonomi, Teori aSudarman, Ari aWijaya, faried aYOPDYOG aP000014730 aP000014729